Cultures of Transnational Adoption /
Conjunto de estudios sobre la adopción transnacional, una situación que surgió como fenómeno durante los años inmediatamente posteriores a la Segunda Guerra Mundial y que a partir de inicios de la década de 1990 ha experimentado un crecimiento acelerado. Los ocho trabajos fueron escritos por mujeres...
I tiakina i:
| Kaituhi matua: | |
|---|---|
| Hōputu: | Pukapuka |
| Reo: | Ingarihi |
| I whakaputaina: |
Durham, EUA :
Duke University,
2005, c2005
|
| Ngā marau: | |
| Ngā Tūtohu: |
Kāore He Tūtohu, Me noho koe te mea tuatahi ki te tūtohu i tēnei pūkete!
|
MARC
| LEADER | 00000nam^a2200000^a^4500 | ||
|---|---|---|---|
| 001 | 000271151 | ||
| 005 | 20250521000000.0 | ||
| 009 | 20260310111019.765 | ||
| 020 | |a 0-8223-3576-X | ||
| 037 | |a Acervo ITESO - Biblioteca | ||
| 041 | |a ING | ||
| 082 | |a 362. 734 |b VOL | ||
| 100 | |a Volkman, Toby Alice |e (ed.) | ||
| 245 | 1 | 0 | |a Cultures of Transnational Adoption / |c Ed. e introd. de T.A. Volkman. |
| 264 | 4 | |a Durham, EUA : |b Duke University, |c 2005, c2005 | |
| 300 | |a IX, 232 p. | ||
| 336 | |a texto |b txt |2 rdacontenido | ||
| 337 | |a sin mediación |b n |2 rdamedio | ||
| 338 | |a volumen |b nc |2 rdasoporte | ||
| 520 | |a Conjunto de estudios sobre la adopción transnacional, una situación que surgió como fenómeno durante los años inmediatamente posteriores a la Segunda Guerra Mundial y que a partir de inicios de la década de 1990 ha experimentado un crecimiento acelerado. Los ocho trabajos fueron escritos por mujeres, algunas de las cuales son madres adoptivas, quienes examinan la adopción transnacional como una forma de circulación que establece nuevas geografías de parentesco. Brasil, Chile, China, Corea del Sur y Estados Unidos integran el marco geográfico del compendio, organizado en tres secciones referidas a la identidad y la pertenencia, la puesta en tela de juicio de la dicotomía países remitentes/países receptores y las representaciones y narrativas en torno a la adopción transnacional. | ||
| 649 | |a XX | ||
| 650 | |a Adopción - |x Aspectos Sociales y Culturales - |x Tema Principal | ||
| 650 | |a Parentesco | ||
| 650 | |a Relaciones Padres-Hijos | ||
| 650 | |a Relaciones Familiares | ||
| 650 | |a Familia | ||
| 650 | |a Identidad Cultural | ||
| 650 | |a Pertenencia Social | ||
| 650 | |a Sociología de la Comunicación | ||
| 650 | |a Sociología de la Cultura | ||
| 910 | |a Fondo General | ||
| 920 | |a Impresos - Libros | ||
| 930 | |a Colección General | ||
| 905 | |a 101 | ||
| 901 | |a 0500156740 |b IT1 |c ACC |u 20250521 | ||
| 902 | |a https://opac.biblio.iteso.mx/vufind/Record/000271151 | ||